000 00470ntaaa2200181 4500
003 01
005 20251027202552.0
008 0714s1973 ag 01
040 _aAR-BaBN
_bspa
_cAR-BaBN
_eaacr
_dRIC
082 _a301.4260 M88p
100 _aMudd, Emily Hartshorne
_924769
245 _aThe practice of marriage counseling
250 _a1 ed.
260 _aNew York :
_bAssociation Press,
_c1951
300 _a336 p
650 _amatrimonio-consejo
_924770
942 _cBK
999 _c20771
_d20771